00379nam a22001337a 4500999001900000008004100019020001800060082001700078100002100095245002500116250001600141260007700157300001100234 c424874d424874191212b ||||| |||| 00| 0 eng d a9789352135271 a620.004bIOC aRochelle King99 aDesigninjg with Data a1st Ed.2019 aSPD. Ltd. Sanpada Navi MumbaibSPD. Ltd. Sanpada Navi Mumbaic09/12/2019 aPB/337